000 00266nam a22001217a 4500
008 180910b xxu||||| |||| 00| 0 eng d
041 _aeng
080 _a510
100 _a36
101 _aMAT
245 _aAn Introduction to Analysis
_cWade, W.R
942 _2udc
_cBK
999 _c47630
_d47630